Tài liệu học tập lý luận và chính trị của cán bộ, Đảng viên cơ sở các tỉnh miền Nam. t.IV /
Tallennettuna:
| Yhteisötekijä: | |
|---|---|
| Aineistotyyppi: | Sách giấy |
| Kieli: | Vietnamese |
| Julkaistu: |
H. :
Sách Giáo khoa Mác - Lênin,
1978.
|
| Tagit: |
Lisää tagi
Ei tageja, Lisää ensimmäinen tagi!
|
| Thư viện lưu trữ: | Thư viện Trường Đại học Đà Lạt |
|---|
| LEADER | 00772nam a2200289 4500 | ||
|---|---|---|---|
| 001 | DLU130156521 | ||
| 005 | ##20131107 | ||
| 040 | # | # | |a DLU |b vie |
| 041 | # | # | |a vie |
| 044 | # | # | |a vn |
| 082 | # | # | |a 324.23 |b BAN |
| 110 | # | # | |a Ban Tuyên huấn Trung ương. |
| 245 | # | # | |a Tài liệu học tập lý luận và chính trị của cán bộ, Đảng viên cơ sở các tỉnh miền Nam. |n t.IV / |c Ban Tuyên huấn Trung ương. |
| 260 | # | # | |a H. : |b Sách Giáo khoa Mác - Lênin, |c 1978. |
| 300 | # | # | |a 139 tr. ; |c 21 cm. |
| 923 | # | # | |a TL |
| 990 | # | # | |a t.IV |
| 991 | # | # | |a SH |
| 992 | # | # | |a 0,65 |
| 994 | # | # | |a DLU |
| 900 | # | # | |a True |
| 911 | # | # | |a Nguyễn Huyền Anh |
| 925 | # | # | |a G |
| 926 | # | # | |a A |
| 927 | # | # | |a SH |
| 980 | # | # | |a Thư viện Trường Đại học Đà Lạt |